[Event "Asturias-ch Juvenil"]
[Site "Oviedo"]
[Date "2012.12.30"]
[Round "5.7"]
[White "Rodriguez Suarez, Pablo"]
[Black "Martinez Rivera, Gines"]
[Result "1/2-1/2"]
[WhiteElo "1612"]
[BlackElo "1578"]
[PlyCount "82"]
[EventDate "2012.12.26"]
[EventType "swiss"]
[EventRounds "5"]
[EventCountry "ESP"]
[SourceTitle "EXT 2024"]
[Source "ChessBase"]
[SourceDate "2023.10.10"]
[SourceVersion "1"]
[SourceVersionDate "2023.10.10"]
[SourceQuality "1"]

1. e4 e5 2. Nf3 Nc6 3. Bc4 Bc5 4. c3 Nf6 5. d4 exd4 6. cxd4 Bb4+ 7. Bd2 Bxd2+ 8. Nbxd2 d5 9. exd5 Nxd5 10. Qb3 Nce7 11. 0-0 0-0 12. Rfe1 c6 13. Ne4 Nb6 14. Bd3 Ned5 15. Rad1 Bg4 16. Bb1 Qc7 17. h3 Bh5 18. Nc5 Rab8 19. Re5 Bxf3 20. Qxf3 Nd7 21. Qf5 N7f6 22. Rde1 Qc8 23. Qf3 b6 24. Ne4 Qd7 25. Nxf6+ Nxf6 26. Qc3 Rfe8 27. Rxe8+ Rxe8 28. Rxe8+ Qxe8 29. Kf1 Nd5 30. Qd3 g6 31. Qe4 Qxe4 32. Bxe4 Ne7 33. Ke2 f5 34. Bf3 Kf7 35. Kd3 Ke6 36. Kc4 Kd6 37. a4 a6 38. b4 b5+ 39. axb5 axb5+ 40. Kd3 Nd5 41. Bxd5 Kxd5 1/2-1/2

[Event "Asturias-ch Juvenil"]
[Site "Oviedo"]
[Date "2012.12.26"]
[Round "1.8"]
[White "Rodriguez Suarez, Lorena"]
[Black "Martinez Rivera, Gines"]
[Result "0-1"]
[WhiteElo "1381"]
[BlackElo "1578"]
[PlyCount "112"]
[EventDate "2012.12.26"]
[EventType "swiss"]
[EventRounds "5"]
[EventCountry "ESP"]
[SourceTitle "EXT 2024"]
[Source "ChessBase"]
[SourceDate "2023.10.10"]
[SourceVersion "1"]
[SourceVersionDate "2023.10.10"]
[SourceQuality "1"]

1. e4 e5 2. Nf3 Nc6 3. Bc4 Bc5 4. c3 Nf6 5. d4 exd4 6. cxd4 Bb4+ 7. Bd2 Bxd2+ 8. Nbxd2 d5 9. exd5 Nxd5 10. Qb3 Nce7 11. 0-0 0-0 12. Rfe1 c6 13. h3 Qc7 14. Rac1 Qb6 15. Qxb6 axb6 16. Ne4 Rd8 17. a3 Bf5 18. Ng3 Bg6 19. Ne5 Nf4 20. Nxg6 Nexg6 21. Re4 Re8 22. Rxe8+ Rxe8 23. Nf5 b5 24. Nd6 bxc4 25. Nxe8 Ne2+ 26. Kf1 Nxc1 27. Nd6 b6 28. Nxc4 b5 29. Na5 Nd3 30. Nxc6 Nxb2 31. Na7 Nc4 32. Nxb5 Nf4 33. Kg1 Kf8 34. Kh2 Ke7 35. Kg3 Nd5 36. Kf3 Nd2+ 37. Ke2 Nb1 38. Kf3 Nbc3 39. Nxc3 Nxc3 40. Ke3 Kd6 41. Kd3 Nb5 42. a4 Nc7 43. Kc4 Kc6 44. a5 h6 45. g3 g6 46. h4 f6 47. f3 h5 48. g4 f5 49. gxh5 gxh5 50. f4 Nd5 51. a6 Nxf4 52. a7 Kb7 53. Kc5 Kxa7 54. Kc6 Kb8 55. d5 Kc8 56. Kd6 Ng6 0-1